มุมมองปกติ
มุมมองแบบ MARC
- แคนเตอร์, โรซาเบธ มอสส์
รายการ Personal Name
001 - CONTROL NUMBER
- control field: 54429
003 - CONTROL NUMBER IDENTIFIER
- control field: NALT
005 - DATE AND TIME OF LATEST TRANSACTION
- control field: 20210907125000.0
008 - FIXED-LENGTH DATA ELEMENTS
- fixed length control field: 210907|| aca||aabn | a|a d
040 ## - CATALOGING SOURCE
- Original cataloging agency: NALT
100 1# - HEADING--PERSONAL NAME
- Personal name: แคนเตอร์, โรซาเบธ มอสส์
